No one lives forever by Oingo Boingo - Statistics

General Stats
  • This quiz has been taken 24 times
  • The average score is 231 of 347
Answer Stats
Answer % Correct
a
100%
don't
100%
dont
100%
for
100%
I
100%
i
100%
in
100%
it
100%
the
100%
to
100%
who
100%
can
92%
can't
92%
cant
92%
full
92%
have
92%
lets
92%
lives
92%
moon
92%
no
92%
one
92%
party
92%
sky
92%
so
92%
when
92%
wolf
92%
you
92%
your
92%
bad
85%
brother
85%
change
85%
die
85%
enjoy
85%
fate
85%
feel
85%
forever
85%
its
85%
make
85%
much
85%
of
85%
sad
85%
theres
85%
too
85%
want
85%
while
85%
worry
85%
yourself
85%
and
77%
but
77%
like
77%
complaining
69%
get
69%
hour
69%
just
69%
quit
69%
weather
69%
grim
62%
he
62%
me
62%
reaper
62%
cuts
54%
doggie
54%
as
46%
dancing
46%
darling
46%
getting
46%
happy
46%
im
46%
old
46%
short
46%
ten
46%
years
46%
be
38%
cold
38%
forget
38%
hes
38%
very
38%
cause
31%
hell
31%
living
31%
my
31%
youve
31%
at
23%
chop
23%
clever
23%
cry
23%
fair
23%
friend
23%
fun
23%
life
23%
long
23%
low
23%
quick
23%
think
23%
about
15%
all
15%
end
15%
got
15%
hide
15%
many
15%
only
15%
relative
15%
rotty
15%
some
15%
time
15%
tricks
15%
any
8%
bones
8%
celebrate
8%
complaning
8%
done
8%
dust
8%
had
8%
may
8%
place
8%
rough
8%
safe
8%
said
8%
second
8%
what
8%
why
8%
beats
0%
been
0%
better
0%
cares
0%
cup
0%
down
0%
drink
0%
game
0%
hiding
0%
him
0%
his
0%
instead
0%
nowhere
0%
run
0%
same
0%
shell
0%
still
0%
that
0%
toast
0%
turn
0%
weve
0%
No matching quizzes found
Score Distribution
Percent of People with Each Score
Percentile by Number Answered
Your Score History
You have not taken this quiz